000 01165nam a22003257a 4500
003 CHAP
005 20220329134617.0
008 971013s1984 r 00010 d
010 _a22975
011 _a23947
035 _a28044
040 _cCHAP
090 _aTesis
100 0 0 _aDurán Gutiérrez, Juan Mario.
_934681
245 _aDiagnóstico técnico sobre la producción lechera en el área cercana al municipio de Monterrey, N.L. basado en el número de animales del Hato
260 _aMonterrey, N.L. :
_bEl autor,
_c1984
300 _a51 h.
_b: apénd.
502 _aTesis (Ing. Agr. Esp. en Zootecnia) -- ITESM. Div. de Ciencias Agropecuarias y Marítimas
590 _aALEPH
_b10
_c20130110
_lUCH01
_h1247
590 _aBATCH-UPD
_b10
_c20130110
_lUCH01
_h1229
590 _aBATCH-UPD
_b10
_c20130410
_lUCH01
_h0800
590 _aBATCH-UPD
_b10
_c20130914
_lUCH01
_h1515
590 _aCONVERSION
_b10
_c20130109
_lUCH01
_h1313
650 1 4 _aGanado lechero
_xNuevo León.
_945280
650 1 4 _aGanado lechero
_xProducción.
_945288
650 1 4 _aLeche
_xProducción.
_965400
901 _aBK
942 _cTESIS
949 _bBC
_cTES
_d-64724
_eTS1
_i28044
_si
999 _c22975
_d22975